LEADER 00727nam a2200205 i 4500 001 000000103134 003 CaOOAMICUS 005 20260408094930.0 008 010917s1996 it u000 u ita u 020 $a88-02-05048-1 040 $aSeMil$bita 245 10$a18: Scho-Sik. 300 $a1112 p. 773 0 $aBattaglia, Salvatore <1904-1971>$tGrande dizionario della lingua italiana.$dTorino : UTET, 1961-2009.$g18$w()6614 850 $aSeMil 852 $aSeMil$W1$xVenegono$y1$mSL1.A V 18$j269847$B59595$CSeMilBibl$Z2$F44076 $8I 961 $aSottoscrizione: UTET (Agente) 996 $6020$a88-02-05048-1$9(OLS)http://semarc/number/82882 996 $6245$a18: Scho-Sik$9(OLS)http://semarc/title/149887